[Event "Oakham Young Masters"]
[Site "Oakham"]
[Date "1988.04.02"]
[Round "6.20"]
[White "Burgess, Mark"]
[Black "Badulescu, Cristina"]
[Result "0-1"]
[WhiteElo "2250"]
[BlackElo "2255"]
[EventDate "1988.03.28"]
[PlyCount "66"]
[Source "John Saunders"]

1.Nf3 Nf6 2.c4 g6 3.g3 Bg7 4.Bg2 O-O 5.O-O d6 6.d4 c6 7.Nc3 Qa5 8.h3 e5 9.
e4 Re8 10.Re1 Nbd7 11.d5 cxd5 12.cxd5 b5 13.Bf1 a6 14.Bd2 Qd8 15.b4 Nh5 
16.a4 bxa4 17.Rxa4 Nb6 18.Ra5 Qc7 19.Qb3 f5 20.Ng5 Nf6 21.Rc1 Qe7 22.Be3 
Bh6 23.Bxb6 Bxg5 24.Rc2 Rb8 25.Na4 fxe4 26.Bxa6 Bxh3 27.Bb5 Rec8 28.Ra7 
Qf8 29.Bc6 Ng4 30.Bd7 Rxc2 31.Be6+ Kh8 32.Qxc2 Qf3 33.Bxg4 Qg2# 0-1

[Event "Oakham Young Masters"]
[Site "Oakham"]
[Date "1988.04.02"]
[Round "6.21"]
[White "Trabert, Bettina"]
[Black "Hennigan, Michael"]
[Result "0-1"]
[WhiteElo "2230"]
[BlackElo "2300"]
[EventDate "1988.03.28"]
[PlyCount "60"]
[Source "John Saunders"]

1.e4 g6 2.d4 Bg7 3.c3 d6 4.Bd3 Nf6 5.Bg5 e5 6.Ne2 h6 7.Bxf6 Bxf6 8.O-O O-O
9.f4 exd4 10.cxd4 Bg4 11.e5 Bg7 12.Nbc3 c5 13.Ne4 dxe5 14.dxe5 Qb6 15.Kh1 
Nc6 16.h3 Be6 17.N2g3 Rad8 18.Qe2 Nd4 19.Qf2 c4 20.Bb1 Qa6 21.Nc5 Qb6 22.
Nxe6 Nxe6 23.Be4 Qxf2 24.Rxf2 b5 25.Bc2 Nxf4 26.Rxf4 Bxe5 27.Rf3 Rd2 28.
Be4 Rxb2 29.Nf1 Re2 30.Bc6 Bxa1 0-1

[Event "Oakham Young Masters"]
[Site "Oakham"]
[Date "1988.04.02"]
[Round "6.22"]
[White "Szmigielska, Anna"]
[Black "Patrat, Alexandre"]
[Result "1/2-1/2"]
[WhiteElo "2110"]
[BlackElo "2210"]
[EventDate "1988.03.28"]
[PlyCount "74"]
[Source "John Saunders"]

1.e4 e5 2.Nf3 Nc6 3.Bb5 a6 4.Ba4 Nf6 5.d3 Bc5 6.c3 b5 7.Bc2 d5 8.O-O dxe4 
9.dxe4 Be6 10.Nbd2 O-O 11.h3 h6 12.Qe2 Qe7 13.Rd1 Nd7 14.b4 Bd6 15.a4 Na7 
16.Bd3 c5 17.bxc5 Nxc5 18.axb5 Nxd3 19.Qxd3 axb5 20.c4 b4 21.Bb2 Rfd8 22.
Nf1 Bc5 23.Qe2 Rxd1 24.Rxd1 f6 25.N3d2 Nc6 26.Nb3 Bb6 27.Qc2 Qf7 28.Nfd2 
Rd8 29.c5 Bc7 30.Ra1 Qg6 31.Kh1 Qf7 32.Ra6 Qd7 33.Ra1 Kh8 34.Ra6 Nb8 35.
Ra7 Nc6 36.Ra6 Nb8 37.Ra7 Nc6 1/2-1/2

[Event "Oakham Young Masters"]
[Site "Oakham"]
[Date "1988.04.02"]
[Round "6.24"]
[White "Tozer, Richard"]
[Black "Buckley, Graeme"]
[Result "0-1"]
[WhiteElo "2255"]
[BlackElo "2200"]
[EventDate "1988.03.28"]
[PlyCount "108"]
[Source "John Saunders"]

1.d4 Nf6 2.Bg5 c5 3.Bxf6 gxf6 4.d5 d6 5.c3 Nd7 6.e3 Qb6 7.Na3 Ne5 8.Bb5+ 
Kd8 9.Qc2 a6 10.Be2 f5 11.Nf3 Nxf3+ 12.Bxf3 Qc7 13.O-O b5 14.Qd2 Bg7 15.
Nc2 Bd7 16.Rac1 Rc8 17.Ne1 Bf6 18.Nd3 e5 19.dxe6 fxe6 20.Nf4 d5 21.Rfd1 
Be5 22.Bxd5 exd5 23.Nxd5 Qd6 24.f4 Bd4 25.cxd4 Qxd5 26.Qa5+ Ke7 27.dxc5 
Qe6 28.Qe1 Rc6 29.Rd4 Kf7 30.Rcd1 Bc8 31.Rd5 Rg8 32.Re5 Qg6 33.Rd2 Re6 34.
Red5 Qg4 35.b4 Qxf4 36.exf4 Rxe1+ 37.Kf2 Re4 38.g3 Rxb4 39.c6 Rc4 40.Rd6 
Be6 41.g4 Rxf4+ 42.Ke3 Re4+ 43.Kf3 Rexg4 44.c7 Rc8 45.Re2 Re4 46.Rc2 Ke7 
47.Rxa6 Kd7 48.Rb6 b4 49.Rbc6 Bxa2 50.Rh6 Bg8 51.Rf6 b3 52.Rd2+ Kxc7 53.
Rxf5 Rb4 54.Rc5+ Kb8 0-1

[Event "Oakham Young Masters"]
[Site "Oakham"]
[Date "1988.04.02"]
[Round "6.25"]
[White "Wians, Camille"]
[Black "Flear, Christine"]
[Result "1/2-1/2"]
[WhiteElo "2215"]
[BlackElo "2185"]
[EventDate "1988.03.28"]
[PlyCount "36"]
[Source "John Saunders"]

1.d4 d5 2.Nf3 c6 3.Bf4 Nf6 4.Nbd2 Bf5 5.e3 e6 6.h3 h6 7.Be2 Nbd7 8.O-O Be7
9.c4 O-O 10.Qb3 Qc8 11.Rac1 a5 12.Bh2 Ne4 13.Nxe4 Bxe4 14.Nd2 Bh7 15.a3 a4
16.Qd1 Nf6 17.Nb1 Qd8 18.Nc3 Qa5 1/2-1/2

[Event "Oakham Young Masters"]
[Site "Oakham"]
[Date "1988.04.02"]
[Round "6.26"]
[White "Buecker, Karsten"]
[Black "Hepworth, Mandy"]
[Result "0-1"]
[WhiteElo "2200"]
[BlackElo "2125"]
[EventDate "1988.03.28"]
[PlyCount "36"]
[Source "John Saunders"]

1.e4 c5 2.Nf3 d6 3.d4 cxd4 4.Nxd4 Nf6 5.Nc3 a6 6.Bd3 e5 7.Nb3 Be6 8.Bg5 
Be7 9.a4 Nc6 10.f4 exf4 11.Bxf4 Ne5 12.Nd4 Qb6 13.Nxe6 fxe6 14.Bxe5 dxe5 
15.Qc1 O-O 16.Nd1 Ng4 17.h3 Bh4+ 18.Kd2 Bg5+ 0-1

[Event "Oakham Young Masters"]
[Site "Oakham"]
[Date "1988.04.03"]
[Round "7.2"]
[White "Gelfand, Boris"]
[Black "Sokolov, Ivan"]
[Result "1-0"]
[WhiteElo "2505"]
[BlackElo "2545"]
[EventDate "1988.03.28"]
[PlyCount "71"]
[Source "John Saunders"]

1.d4 Nf6 2.Nf3 g6 3.c4 Bg7 4.Nc3 d5 5.cxd5 Nxd5 6.e4 Nxc3 7.bxc3 c5 8.Rb1 
O-O 9.Be2 b6 10.O-O Bb7 11.Qd3 Ba6 12.Qe3 Qd7 13.dxc5 bxc5 14.Rxb8 Raxb8 
15.Bxa6 Qa4 16.Qe2 Bxc3 17.Bc4 e6 18.e5 Rb4 19.Bb3 Qb5 20.Qe3 c4 21.Qxc3 
cxb3 22.Ba3 Rc4 23.Qxb3 Rb8 24.Qe3 Kg7 25.Be7 h6 26.Bf6+ Kh7 27.Qxa7 Rb7 
28.Qe3 Qc5 29.Qd3 Rb2 30.h4 Rc1 31.Kh2 Rc3 32.Qd8 Qc8 33.Rd1 Rb8 34.Qd4 
Rc4 35.Qe3 Rc3 36.Rd3 1-0

[Event "Oakham Young Masters"]
[Site "Oakham"]
[Date "1988.04.03"]
[Round "7.3"]
[White "Janjgava, Lasha"]
[Black "Brunner, Lucas"]
[Result "1/2-1/2"]
[WhiteElo "2425"]
[BlackElo "2415"]
[EventDate "1988.03.28"]
[PlyCount "48"]
[Source "John Saunders"]

1.d4 Nf6 2.Nf3 e6 3.c4 b6 4.a3 Bb7 5.Nc3 d5 6.cxd5 Nxd5 7.Qc2 Be7 8.Bd2 
O-O 9.e4 Nxc3 10.Bxc3 Nd7 11.Rd1 Qe8 12.Bc4 c5 13.Bb5 Qc8 14.d5 exd5 15.
exd5 Bf6 16.O-O Bxc3 17.Qxc3 Nf6 18.d6 a6 19.Bc4 Qc6 20.Rfe1 b5 21.Ba2 
Rad8 22.Re7 Ne4 23.Qe5 Rxd6 24.Re1 Rdd8 1/2-1/2

[Event "Oakham Young Masters"]
[Site "Oakham"]
[Date "1988.04.03"]
[Round "7.4"]
[White "Conquest, Stuart"]
[Black "Garcia Palermo, Carlos Horacio"]
[Result "1-0"]
[WhiteElo "2445"]
[BlackElo "2505"]
[EventDate "1988.03.28"]
[PlyCount "53"]
[Source "John Saunders"]

1.d4 d5 2.c4 dxc4 3.Nf3 c5 4.d5 e6 5.Nc3 Ne7 6.e4 exd5 7.exd5 Nf5 8.Bxc4 
Nd6 9.O-O Be7 10.Bd3 Nd7 11.Bf4 O-O 12.Re1 Nf6 13.Ne5 Bf5 14.Nxf7 Rxf7 15.
Bxd6 Bxd6 16.Bxf5 Kh8 17.Re6 a6 18.Qd3 Qc7 19.Qh3 Re7 20.Ne4 Rxe6 21.dxe6 
Be5 22.Re1 Kg8 23.Ng5 h6 24.e7 Bd4 25.Bg6 Qc6 26.Qf5 hxg5 27.e8=Q+ 1-0

[Event "Oakham Young Masters"]
[Site "Oakham"]
[Date "1988.04.03"]
[Round "7.5"]
[White "Thomas, Ian"]
[Black "Navrotescu, Catalin"]
[Result "0-1"]
[WhiteElo "2315"]
[BlackElo "2280"]
[EventDate "1988.03.28"]
[PlyCount "124"]
[Source "John Saunders"]

1.e4 e6 2.d4 d5 3.Nd2 Nf6 4.e5 Nfd7 5.c3 c5 6.f4 Nc6 7.Ndf3 Qb6 8.g3 a5 9.
Bh3 cxd4 10.cxd4 Be7 11.Ne2 O-O 12.O-O f5 13.g4 fxg4 14.Bxg4 Ndb8 15.Kh1 
Na6 16.a3 Bd7 17.Nc3 Qd8 18.Qe2 Nc7 19.Rg1 Rf7 20.Be3 g6 21.Nd1 a4 22.Nf2 
Na5 23.Rac1 Nc4 24.Bh3 Bb5 25.Ng4 Kh8 26.Nh6 Rf8 27.Qf2 Ra6 28.Rc3 Ne8 29.
Bc1 Ng7 30.Qg2 Nf5 31.Nxf5 exf5 32.Qf2 Be8 33.Ng5 Bxg5 34.Rxg5 b5 35.Bf1 
Qe7 36.Bg2 Bf7 37.Rh3 Bg8 38.Bd2 Nxd2 39.Qxd2 Rc8 40.Rc3 Rc4 41.Bf1 Rxc3 
42.Qxc3 Qb7 43.Rg3 Rc6 44.Qd2 Be6 45.Qb4 Rc1 46.Kg2 Qg7 47.Qd2 Qc7 48.Rc3 
Rxc3 49.bxc3 Bd7 50.Qe1 Be8 51.Qh4 Kg8 52.Qe1 Qe7 53.Qc1 Bd7 54.Be2 Kg7 
55.Qb2 Be8 56.Kg3 g5 57.Bf3 gxf4+ 58.Kg2 Bh5 59.Bxh5 Qg5+ 60.Kh1 Qxh5 61.
Qg2+ Kh6 62.Qxd5 Qd1+ 0-1

[Event "Oakham Young Masters"]
[Site "Oakham"]
[Date "1988.04.03"]
[Round "7.6"]
[White "Arnason, Jon"]
[Black "Horvath, Csaba"]
[Result "1-0"]
[WhiteElo "2510"]
[BlackElo "2445"]
[EventDate "1988.03.28"]
[PlyCount "41"]
[Source "John Saunders"]

1.e4 c5 2.Nf3 Nc6 3.d4 cxd4 4.Nxd4 e6 5.Nc3 Qc7 6.Be2 a6 7.O-O Nf6 8.Kh1 
Nxd4 9.Qxd4 Bc5 10.Qd3 b5 11.f4 Bb7 12.Bf3 O-O 13.a3 Rad8 14.e5 Ne8 15.
Bxb7 Qxb7 16.f5 Qc7 17.Bf4 b4 18.axb4 Bxb4 19.Ne2 a5 20.f6 d6 21.Rad1 1-0

[Event "Oakham Young Masters"]
[Site "Oakham"]
[Date "1988.04.03"]
[Round "7.7"]
[White "Matveeva, Svetlana"]
[Black "Plaskett, Harold James"]
[Result "0-1"]
[WhiteElo "2310"]
[BlackElo "2465"]
[EventDate "1988.03.28"]
[PlyCount "49"]
[Source "John Saunders"]

1.d4 Nf6 2.c4 c5 3.d5 g6 4.Nc3 Bg7 5.e4 d6 6.Bd3 O-O 7.Nge2 Nbd7 8.f4 e6 
9.O-O exd5 10.exd5 Re8 11.h3 a6 12.a4 Nh5 13.g4 Qh4 14.gxh5 Qxh3 15.Ne4 
Nf6 16.Nf2 Qxh5 17.f5 Ng4 18.Nxg4 Qxg4+ 19.Kh1 Bxf5 20.Rxf5 Qh3+ 21.Kg1 
gxf5 22.Kf2 Qh4+ 23.Kg2 Qg4+ 24.Kf1 Bd4 25.Bf4 {time} 0-1

[Event "Oakham Young Masters"]
[Site "Oakham"]
[Date "1988.04.03"]
[Round "7.8"]
[White "Adams, Michael"]
[Black "Agnos, Demetrios"]
[Result "1-0"]
[WhiteElo "2430"]
[BlackElo "2340"]
[EventDate "1988.03.28"]
[PlyCount "123"]
[Source "John Saunders"]

1.e4 d6 2.d4 Nf6 3.Nc3 g6 4.Bg5 Nbd7 5.f4 h6 6.Bh4 Nh5 7.Nge2 g5 8.fxg5 e6
9.Bf2 hxg5 10.Qd2 a6 11.Be3 Be7 12.O-O-O c5 13.dxc5 dxc5 14.g4 Nhf6 15.Rg1
Ne5 16.Qxd8+ Bxd8 17.Bxg5 Be7 18.Bf4 Ng6 19.Bc7 Nd7 20.Kb1 b5 21.Nf4 Nge5 
22.Nd3 Ng6 23.Bg2 Bb7 24.h3 Rc8 25.Bg3 Nh4 26.Bh1 Ng6 27.Nf2 Nde5 28.Ne2 
Bg5 29.b3 Bh4 30.Nd3 Bxg3 31.Rxg3 Ke7 32.Nef4 c4 33.Nxg6+ Nxg6 34.Nb2 cxb3
35.axb3 Nf4 36.e5 Bxh1 37.Rxh1 Rc5 38.Rf3 Ng6 39.Nd3 Rd5 40.Rhf1 Nxe5 41.
Nxe5 Rxe5 42.Rxf7+ Kd6 43.R1f3 Kc6 44.Kb2 Re2 45.Rc3+ Kb6 46.Rfc7 b4 47.
R3c6+ Kb5 48.Rc4 a5 49.R7c5+ Kb6 50.Rh5 Ra8 51.h4 e5 52.Rh6+ Kb7 53.Re6 
Rc8 54.Re7+ Kb8 55.Rxc8+ Kxc8 56.h5 Kd8 57.Ra7 Rh2 58.Rxa5 Rh4 59.Rd5+ Kc7
60.Rxe5 Rxg4 61.Rc5+ Kb6 62.Rc4 1-0

[Event "Oakham Young Masters"]
[Site "Oakham"]
[Date "1988.04.03"]
[Round "7.9"]
[White "Fogarasi, Tibor"]
[Black "Rechlis, Gad"]
[Result "1/2-1/2"]
[WhiteElo "2355"]
[BlackElo "2475"]
[EventDate "1988.03.28"]
[PlyCount "87"]
[Source "John Saunders"]

1.e4 c5 2.Nf3 Nc6 3.d4 cxd4 4.Nxd4 Nf6 5.Nc3 d6 6.Be3 e5 7.Nf3 Be7 8.Bc4 
O-O 9.O-O h6 10.Qe2 Be6 11.Bb3 a6 12.Rfd1 Qc7 13.Nh4 Nxe4 14.Nxe4 Bxb3 15.
axb3 Bxh4 16.Nxd6 Bg5 17.Bxg5 hxg5 18.c3 Rad8 19.Ne4 Qe7 20.Qh5 f6 21.b4 
Rxd1+ 22.Rxd1 Rd8 23.h3 Qf7 24.Rxd8+ Nxd8 25.Qd1 Qc7 26.Qd5+ Kh7 27.Nc5 
Kh6 28.Kf1 Nc6 29.Ke2 a5 30.Ne6 Qc8 31.bxa5 Ne7 32.Qd6 Nf5 33.Qb6 Qc4+ 34.
Kd2 Qd5+ 35.Kc1 Qxg2 36.Nd8 Qh1+ 37.Kc2 Qe4+ 38.Kb3 Qd5+ 39.Kc2 e4 40.Nxb7
Qd3+ 41.Kb3 e3 42.fxe3 Nxe3 43.Ka2 Qc4+ 44.Kb1 1/2-1/2

[Event "Oakham Young Masters"]
[Site "Oakham"]
[Date "1988.04.03"]
[Round "7.10"]
[White "Schulte, Oliver"]
[Black "Stratil, Ladislav jr"]
[Result "1/2-1/2"]
[WhiteElo "2440"]
[BlackElo "2430"]
[EventDate "1988.03.28"]
[PlyCount "82"]
[Source "John Saunders"]

1.d4 Nf6 2.c4 e6 3.Nf3 c5 4.d5 exd5 5.cxd5 d6 6.Nc3 g6 7.g3 Bg7 8.Bg2 O-O 
9.O-O Re8 10.Re1 Ne4 11.Nxe4 Rxe4 12.Nd2 Re8 13.Ne4 Bf5 14.Nc3 Na6 15.Bf4 
Nc7 16.a4 Rb8 17.Qd2 a6 18.Rad1 b5 19.e4 Bg4 20.f3 Bc8 21.e5 dxe5 22.Bg5 
Qd7 23.Ne4 Bb7 24.Nf6+ Bxf6 25.Bxf6 Qf5 26.d6 Qxf6 27.dxc7 Rbc8 28.Qa5 Qe7
29.axb5 axb5 30.Qxb5 Rxc7 31.Re3 f6 32.Red3 Bc8 33.Rd6 Kg7 34.R1d2 Bf5 35.
h4 c4 36.Bf1 Bd3 37.Qd5 e4 38.fxe4 Bxe4 39.Qd4 Bd3 40.Rf2 Qe5 41.Qxe5 fxe5
1/2-1/2

[Event "Oakham Young Masters"]
[Site "Oakham"]
[Date "1988.04.03"]
[Round "7.14"]
[White "McDonald, Neil R."]
[Black "Stefansson, Hannes Hlifar"]
[Result "1-0"]
[WhiteElo "2375"]
[BlackElo "2395"]
[EventDate "1988.03.28"]
[PlyCount "155"]
[Source "John Saunders"]

1.Nf3 Nf6 2.g3 c5 3.Bg2 Nc6 4.c4 e5 5.Nc3 Be7 6.d3 O-O 7.Bg5 Rb8 8.O-O a6 
9.Bxf6 Bxf6 10.Nd2 b5 11.cxb5 axb5 12.Bxc6 dxc6 13.Nce4 Bh3 14.Re1 Be7 15.
Rc1 Qd5 16.Nf3 c4 17.Nc3 Qe6 18.dxc4 bxc4 19.Qd2 f5 20.Red1 f4 21.Ne4 Bf5 
22.Qc2 c3 23.bxc3 Qc4 24.Nfd2 Qxe2 25.Re1 Qh5 26.Qa4 f3 27.Qxc6 Bg4 28.Rb1
Rbc8 29.Qd5+ Kh8 30.Nf1 Qh3 31.Ne3 Rf5 32.Nd2 Bg5 33.Qc4 Ra8 34.Qxg4 Qxg4 
35.Nxg4 Bxd2 36.Rxe5 Rxe5 37.Nxe5 Bxc3 38.Nxf3 h6 39.Rc1 Ra3 40.Rc2 g5 41.
Nd2 Bg7 42.Nc4 Ra6 43.Ne3 Kh7 44.Kf1 h5 45.Ke2 h4 46.Kf3 hxg3 47.hxg3 Ra4 
48.Nc4 Kg6 49.Ke4 Ra7 50.Ne5+ Bxe5 51.Kxe5 Ra5+ 52.Ke4 Ra4+ 53.Kd5 Kf5 54.
Kc5 Ra8 55.Kb5 Rb8+ 56.Kc4 Rc8+ 57.Kb3 Rb8+ 58.Kc3 Ra8 59.Kb2 Rb8+ 60.Ka1 
Ra8 61.Rc4 Ke5 62.Kb2 Rf8 63.Rc5+ Kd4 64.Rxg5 Rxf2+ 65.Kb3 Rf1 66.Kb4 Rb1+
67.Ka5 Rb8 68.a4 Kc4 69.Ka6 Rh8 70.a5 Rh6+ 71.Kb7 Rh7+ 72.Kc8 Rh6 73.g4 
Kd4 74.Kb7 Rh7+ 75.Kb6 Rh6+ 76.Kb5 Rh1 77.a6 Ra1 78.Kb6 1-0

[Event "Oakham Young Masters"]
[Site "Oakham"]
[Date "1988.04.03"]
[Round "7.15"]
[White "Badulescu, Cristina"]
[Black "Schlosser, Michael"]
[Result "0-1"]
[WhiteElo "2255"]
[BlackElo "2330"]
[EventDate "1988.03.28"]
[PlyCount "72"]
[Source "John Saunders"]

1.e4 d6 2.d4 Nf6 3.Nc3 g6 4.Nf3 Bg7 5.Be2 O-O 6.O-O Bg4 7.h3 Bxf3 8.Bxf3 
Nc6 9.Be3 Nd7 10.Ne2 e5 11.c3 Nb6 12.b3 exd4 13.cxd4 d5 14.e5 f6 15.exf6 
Qxf6 16.Rc1 Rf7 17.Qd2 Raf8 18.Rc5 Qd6 19.Nc3 Rxf3 20.gxf3 Rxf3 21.Kg2 Rf7
22.Rd1 a6 23.Ne2 Nd7 24.Rcc1 Qf6 25.Ng3 Nf8 26.Rc3 Ne6 27.Rd3 Bf8 28.Rf1 
Bd6 29.Qd1 h5 30.f3 Nf4+ 31.Bxf4 Qxf4 32.Qe1 h4 33.Rg1 Qxg3+ 34.Qxg3 Bxg3 
35.Rc1 Re7 36.Rc2 Nb4 0-1

[Event "Oakham Young Masters"]
[Site "Oakham"]
[Date "1988.04.03"]
[Round "7.16"]
[White "Brenninkmeijer, Joris"]
[Black "Flear, Glenn Curtis"]
[Result "0-1"]
[WhiteElo "2385"]
[BlackElo "2460"]
[EventDate "1988.03.28"]
[PlyCount "48"]
[Source "John Saunders"]

1.d4 d5 2.Nf3 Nf6 3.c4 e6 4.Nc3 c6 5.g3 dxc4 6.Bg2 Nbd7 7.O-O b5 8.Ng5 Qb6
9.e4 h6 10.Nf3 Bb7 11.Qe2 Be7 12.a4 a6 13.Rd1 O-O 14.Bf4 Rfe8 15.Bh3 c5 
16.d5 exd5 17.Bxd7 Nxd7 18.Nxd5 Bxd5 19.Rxd5 Rad8 20.axb5 axb5 21.e5 Qc6 
22.Rd2 Nf8 23.Ra7 Ra8 24.e6 Qxe6 0-1

[Event "Oakham Young Masters"]
[Site "Oakham"]
[Date "1988.04.03"]
[Round "7.17"]
[White "Rossiter, Philip"]
[Black "Dunnington, Angus"]
[Result "1-0"]
[WhiteElo "2330"]
[BlackElo "2330"]
[EventDate "1988.03.28"]
[PlyCount "93"]
[Source "John Saunders"]

1.d4 Nf6 2.c4 d6 3.Nf3 c6 4.Nc3 Nbd7 5.e4 e5 6.d5 Be7 7.Be2 cxd5 8.cxd5 
Nc5 9.Be3 Qa5 10.Bb5+ Bd7 11.Bxd7+ Nfxd7 12.O-O b5 13.Nd2 b4 14.Ne2 O-O 
15.Ng3 g6 16.Qg4 Nf6 17.Qe2 Rfc8 18.Rfc1 h5 19.Rc4 Nfd7 20.Bxc5 Nxc5 21.
Qe3 Rab8 22.Ne2 Qd8 23.Nb3 Bg5 24.Qh3 Na4 25.Na5 Rxc4 26.Nxc4 Nc5 27.Qf3 
b3 28.a3 Qd7 29.Na5 Qb5 30.Nc6 Rb7 31.Rd1 Na4 32.Nc3 Nxc3 33.Qxc3 Qe2 34.
Rf1 Qc2 35.Qh3 Rc7 36.Qg3 Bf4 37.Qh4 Rd7 38.Nb8 Rb7 39.Qd8+ Kg7 40.Nd7 
Rxd7 41.Qxd7 Qxb2 42.Qxd6 Qd4 43.Qb4 Qd3 44.d6 a5 45.Qb7 a4 46.d7 Bg5 47.
Qd5 1-0

[Event "Oakham Young Masters"]
[Site "Oakham"]
[Date "1988.04.03"]
[Round "7.18"]
[White "Bruk, Ofer"]
[Black "Ward, Christopher"]
[Result "1-0"]
[WhiteElo "2340"]
[BlackElo "2310"]
[EventDate "1988.03.28"]
[PlyCount "123"]
[Source "John Saunders"]

1.Nf3 c5 2.c4 b6 3.g3 Bb7 4.Bg2 Nf6 5.O-O e6 6.Nc3 Be7 7.d4 cxd4 8.Qxd4 d6
9.Bg5 a6 10.Bxf6 Bxf6 11.Qf4 O-O 12.Rfd1 Be7 13.Ne4 Bxe4 14.Qxe4 Ra7 15.
Nd4 Rc7 16.b3 Rc5 17.a4 Qc7 18.Ra2 Rc8 19.Rad2 Bf8 20.e3 Nd7 21.Qb7 Rb8 
22.Qxc7 Rxc7 23.Ra2 g6 24.Kf1 Nc5 25.Rb1 Bg7 26.Ke2 Kf8 27.h4 Bxd4 28.exd4
Nd7 29.Kd3 e5 30.a5 b5 31.cxb5 Rxb5 32.b4 d5 33.Rc2 e4+ 34.Kd2 Rxc2+ 35.
Kxc2 Rb7 36.Bf1 Nb8 37.b5 axb5 38.Rxb5 Rc7+ 39.Kd2 Nc6 40.Rxd5 Ke7 41.Ke3 
f5 42.Rc5 Kd6 43.a6 Ra7 44.Bc4 Nb4 45.Rb5 Nc2+ 46.Kf4 Na3 47.Rb7 Ra8 48.
Bf1 Nc2 49.Rxh7 Nxd4 50.Ke3 Nc6 51.Rg7 Ne7 52.Bc4 Rc8 53.Bf7 Rc7 54.Kf4 
Rc2 55.a7 Rc8 56.Bxg6 Ra8 57.h5 Rxa7 58.h6 Ra2 59.h7 Rxf2+ 60.Kg5 Rg2 61.
h8=Q Rxg3+ 62.Kf6 1-0

[Event "Oakham Young Masters"]
[Site "Oakham"]
[Date "1988.04.03"]
[Round "7.19"]
[White "Bellini, Fabio"]
[Black "Girinath, Puligadda"]
[Result "0-1"]
[WhiteElo "2300"]
[BlackElo "2200"]
[EventDate "1988.03.28"]
[PlyCount "140"]
[Source "John Saunders"]

1.e4 e6 2.d3 d5 3.Nd2 Nf6 4.Ngf3 b6 5.e5 Nfd7 6.d4 c5 7.c3 Ba6 8.Bxa6 Nxa6
9.Qe2 Qc8 10.O-O cxd4 11.cxd4 Nb4 12.Ne1 Nc2 13.Nxc2 Qxc2 14.Re1 Rc8 15.
Nf1 Bb4 16.Qxc2 Rxc2 17.Ne3 Rc7 18.Rd1 Nb8 19.Kf1 Kd7 20.Ke2 Rhc8 21.Bd2 
Be7 22.f4 Nc6 23.Kd3 b5 24.a4 b4 25.b3 Na5 26.Rab1 h5 27.g3 Rc6 28.Rf1 
Rc3+ 29.Bxc3 Rxc3+ 30.Ke2 Nxb3 31.Rfd1 Bd8 32.Rb2 Bb6 33.Nc2 Rxc2+ 34.Rxc2
Nxd4+ 35.Kd3 Nxc2 36.Kxc2 Be3 37.Kd3 Bb6 38.Rf1 g6 39.h3 Kc6 40.g4 hxg4 
41.hxg4 Kd7 42.Rh1 Ke7 43.Rh8 Bd8 44.Kd4 Bb6+ 45.Kd3 Bd8 46.Rh1 Bb6 47.Rc1
Kd7 48.Rc2 a5 49.Rh2 Ke7 50.Rh1 Kd7 51.Rh8 Bd8 52.Ke3 Bb6+ 53.Ke2 Bd8 54.
Kf3 Ke7 55.Rh3 Bc7 56.Rh1 Bb6 57.Rd1 Bc7 58.Rc1 Kd7 59.Rc2 g5 60.Re2 gxf4 
61.g5 Bb6 62.Kxf4 Bd4 63.Rh2 b3 64.Rh3 b2 65.Rb3 Bc3 66.Rb7+ Ke8 67.Rb8+ 
Ke7 68.Rb3 Kf8 69.Rb8+ Kg7 70.Rb3 Kg6 0-1

[Event "Oakham Young Masters"]
[Site "Oakham"]
[Date "1988.04.03"]
[Round "7.20"]
[White "Quillan, Gary"]
[Black "Morris, Philip"]
[Result "0-1"]
[WhiteElo "2275"]
[BlackElo "2200"]
[EventDate "1988.03.28"]
[PlyCount "112"]
[Source "John Saunders"]

1.e4 e5 2.Nf3 Nc6 3.Bb5 a6 4.Ba4 Nf6 5.d3 d6 6.c3 Bd7 7.Nbd2 g6 8.Nf1 Bg7 
9.h3 h6 10.Be3 O-O 11.Qd2 Kh7 12.Bc2 d5 13.N3h2 d4 14.cxd4 exd4 15.Bf4 Nh5
16.Ng3 Nxf4 17.Qxf4 Be5 18.Qd2 Qf6 19.Ne2 Bxh2 20.Rxh2 Qd6 21.f4 Nb4 22.
Bb1 c5 23.a3 Nc6 24.Ba2 Be6 25.Bxe6 Qxe6 26.Rc1 b6 27.Kf2 Na5 28.Rf1 c4 
29.Kg1 Nb3 30.Qd1 cxd3 31.Qxd3 Nc5 32.Qxd4 Qxe4 33.g3 Rad8 34.Qxe4 Nxe4 
35.Rg2 Rd2 36.Nc3 Rxg2+ 37.Kxg2 Nxc3 38.bxc3 Rc8 39.Rc1 Rc4 40.Kf2 Kg7 41.
Ke3 Ra4 42.Ra1 Kf6 43.Rb1 b5 44.Rb3 h5 45.Kf3 Ke6 46.g4 hxg4+ 47.Kxg4 Kf6 
48.c4 Rxc4 49.Rd3 Ke6 50.Re3+ Kd7 51.Rd3+ Kc7 52.Re3 Kb6 53.Kg5 Rc5+ 54.
Re5 Rc3 55.h4 Rxa3 56.Re7 Rg3+ 0-1

[Event "Oakham Young Masters"]
[Site "Oakham"]
[Date "1988.04.03"]
[Round "7.21"]
[White "Patrat, Alexandre"]
[Black "Burgess, Mark"]
[Result "0-1"]
[WhiteElo "2210"]
[BlackElo "2250"]
[EventDate "1988.03.28"]
[PlyCount "74"]
[Source "John Saunders"]

1.e4 c6 2.d4 d5 3.Nd2 dxe4 4.Nxe4 Bf5 5.Ng3 Bg6 6.Nf3 Nd7 7.Bc4 Qc7 8.h4 
h6 9.Qe2 e6 10.h5 Bh7 11.Ne5 Nxe5 12.dxe5 O-O-O 13.a4 Ne7 14.c3 Nd5 15.a5 
Be7 16.O-O Rd7 17.Re1 Rhd8 18.Be3 Kb8 19.b4 Nxe3 20.Qxe3 Bd3 21.Bb3 Ba6 
22.Ne2 Rd3 23.Qe4 c5 24.Rab1 Rd2 25.Bc4 Bxc4 26.Qxc4 Qxe5 27.a6 cxb4 28.
axb7 bxc3 29.Nxc3 Qc5 30.Qf4+ Bd6 31.Ne4 Bxf4 32.Nxc5 Ra2 33.Red1 Rxd1+ 
34.Rxd1 Rd2 35.Rb1 Rd6 36.Rb4 Be5 37.g3 Bf6 {time} 0-1

[Event "Oakham Young Masters"]
[Site "Oakham"]
[Date "1988.04.03"]
[Round "7.22"]
[White "Buckley, Graeme"]
[Black "Szmigielska, Anna"]
[Result "1-0"]
[WhiteElo "2200"]
[BlackElo "2110"]
[EventDate "1988.03.28"]
[PlyCount "103"]
[Source "John Saunders"]

1.d4 d5 2.c4 e6 3.Nc3 Be7 4.Nf3 Nf6 5.Bg5 O-O 6.e3 Nbd7 7.Rc1 c6 8.Bd3 
dxc4 9.Bxc4 b5 10.Bd3 a6 11.O-O c5 12.Bb1 cxd4 13.Qxd4 Bb7 14.Qh4 Bxf3 15.
gxf3 Ne5 16.Qh3 Ng6 17.Rfd1 Qb6 18.Rd4 Qc5 19.f4 Rfd8 20.Qf3 Rac8 21.Rxd8+
Rxd8 22.Qb7 Qc8 23.Qxc8 Rxc8 24.Bxg6 hxg6 25.Kf1 Kf8 26.Ne2 Rxc1+ 27.Nxc1 
Ne4 28.Bxe7+ Kxe7 29.Nd3 a5 30.Ne5 a4 31.Ke2 Nc5 32.a3 Ne4 33.f3 Nd6 34.
Kd3 Kf6 35.Ng4+ Ke7 36.Kc3 f6 37.Kb4 Kd7 38.Kc5 Kc7 39.e4 Nc4 40.Kxb5 Nxb2
41.Nf2 Kd6 42.Kb4 e5 43.Kc3 exf4 44.Kxb2 Ke5 45.Kc3 g5 46.Nd3+ Ke6 47.Kd4 
g6 48.Nc5+ Kd6 49.Nxa4 f5 50.e5+ Ke7 51.Nc3 Ke6 52.Ne2 1-0

[Event "Oakham Young Masters"]
[Site "Oakham"]
[Date "1988.04.03"]
[Round "7.23"]
[White "Canfell, Gregory"]
[Black "Madl, Ildiko"]
[Result "1/2-1/2"]
[WhiteElo "2200"]
[BlackElo "2380"]
[EventDate "1988.03.28"]
[PlyCount "106"]
[Source "John Saunders"]

1.e4 c5 2.Nf3 d6 3.d4 cxd4 4.Nxd4 Nf6 5.Nc3 Nc6 6.Bg5 e6 7.Qd2 a6 8.O-O-O 
Bd7 9.Be2 b5 10.Nxc6 Bxc6 11.Qe3 Qe7 12.Bxf6 gxf6 13.Bh5 Rg8 14.Qh3 b4 15.
Ne2 Bxe4 16.Ng3 Bg6 17.f4 Qc7 18.Ne4 Be7 19.Bxg6 hxg6 20.Qf3 d5 21.Ng3 Rc8
22.Rd2 a5 23.Ne2 a4 24.h4 Qa5 25.Nd4 e5 26.fxe5 fxe5 27.Rf1 Rf8 28.Ne2 b3 
29.a3 d4 30.Rfd1 Qc5 31.c3 Bxh4 32.Qg4 Be7 33.Kb1 Qc6 34.cxd4 f5 35.Qg3 
Qe4+ 36.Ka1 Rf6 37.dxe5 Rfc6 38.Nc3 f4 39.Qh2 Qxe5 40.Re2 Qf6 41.Qh3 Kf8 
42.Rd7 Re8 43.Re1 Qh4 44.Rdxe7 Qxe1+ 45.Rxe1 Rxe1+ 46.Nb1 Rcc1 47.Qh6+ Ke7
48.Qg7+ Ke6 49.Qxg6+ Ke5 50.Qg5+ Ke4 51.Qe7+ Kf5 52.g4+ Kxg4 53.Qxe1 Rxe1 
1/2-1/2

[Event "Oakham Young Masters"]
[Site "Oakham"]
[Date "1988.04.03"]
[Round "7.25"]
[White "Hepworth, Mandy"]
[Black "Wians, Camille"]
[Result "0-1"]
[WhiteElo "2125"]
[BlackElo "2215"]
[EventDate "1988.03.28"]
[PlyCount "68"]
[Source "John Saunders"]

1.e4 c5 2.Nf3 e6 3.d4 cxd4 4.Nxd4 a6 5.Be2 Nf6 6.Nc3 Qc7 7.Bd2 b5 8.Bf3 
Bb7 9.a3 Be7 10.O-O d6 11.g3 O-O 12.Bg2 Nbd7 13.Qe2 Nb6 14.Nb3 Nc4 15.Bc1 
Rfe8 16.Nd2 Nb6 17.Re1 Rac8 18.Kh1 Bf8 19.Nb3 h6 20.f4 e5 21.Qf1 Be7 22.
Na5 Ba8 23.Re2 Na4 24.Nxa4 bxa4 25.Qe1 Bf8 26.f5 d5 27.exd5 Nxd5 28.b3 Nc3
29.Bxa8 Rxa8 30.Re3 Qxa5 31.Rxc3 Rac8 32.Bd2 Qd5+ 33.Kg1 Rxc3 34.Bxc3 Bc5+
0-1

[Event "Oakham Young Masters"]
[Site "Oakham"]
[Date "1988.04.03"]
[Round "7.26"]
[White "Buecker, Karsten"]
[Black "Tozer, Richard"]
[Result "0-1"]
[WhiteElo "2200"]
[BlackElo "2255"]
[EventDate "1988.03.28"]
[PlyCount "106"]
[Source "John Saunders"]

1.e4 c6 2.d4 d5 3.e5 Bf5 4.Nf3 e6 5.Bd3 Bxd3 6.Qxd3 Qa5+ 7.c3 Qa6 8.Qxa6 
Nxa6 9.O-O Ne7 10.Na3 h5 11.Nc2 Nf5 12.Ne3 Nxe3 13.Bxe3 Be7 14.Ng5 c5 15.
a3 Rc8 16.Nf3 Kd7 17.Rac1 Rc7 18.Rfe1 b6 19.g3 Nb8 20.h4 Rhc8 21.Kg2 a5 
22.a4 Nc6 23.Red1 c4 24.Ne1 Rb7 25.Rb1 b5 26.axb5 Rxb5 27.Nc2 a4 28.Na3 
Bxa3 29.bxa3 Rcb8 30.Rxb5 Rxb5 31.Ra1 Rb3 32.Bd2 Na7 33.Kf1 Nb5 34.Ke2 Kc6
35.Kd1 Kb6 36.Kc2 Nxa3+ 37.Kd1 Ka5 38.Bc1 Nb5 39.Bd2 a3 40.Kc2 Rb2+ 41.Kc1
Ka4 42.Kd1 Kb3 43.Bc1 Nxc3+ 44.Ke1 a2 45.Bxb2 Kxb2 46.Kd2 Kxa1 47.Kxc3 Kb1
48.Kd2 a1=Q 49.f4 Qxd4+ 50.Ke2 c3 51.Ke1 c2 52.Ke2 c1=Q 53.f5 Qde3# 0-1